Enhancing professional competence of surveyors in Europe (Record no. 102484)

MARC details
000 -LEADER
fixed length control field 01034cam a2200253 4500
008 - FIXED-LENGTH DATA ELEMENTS--GENERAL INFORMATION
fixed length control field 021017n2001 000 0 eng u
020 ## - INTERNATIONAL STANDARD BOOK NUMBER
International Standard Book Number 8790907116
035 ## - SYSTEM CONTROL NUMBER
System control number (Sirsi) u120143
041 ## - LANGUAGE CODE
Language code of text/sound track or separate title eng.
050 ## - LIBRARY OF CONGRESS CALL NUMBER
Classification number 331.7124
245 ## - TITLE STATEMENT
Title Enhancing professional competence of surveyors in Europe
260 ## - PUBLICATION, DISTRIBUTION, ETC.
Place of publication, distribution, etc. Denmark
Name of publisher, distributor, etc. International Federation of Surveyors
Date of publication, distribution, etc. 2001
260 ## - PUBLICATION, DISTRIBUTION, ETC.
Place of publication, distribution, etc. Austria
Name of publisher, distributor, etc. Council of European Geodetic Surveyors
Date of publication, distribution, etc. 2001
300 ## - PHYSICAL DESCRIPTION
Extent 89p.
Dimensions 26cm.
520 ## - SUMMARY, ETC.
Summary, etc. Presents the conclusions of a joint CLGE/FIG seminar on enhancing professional competence of surveyors in Europe, held at Delft University of Technology in November 2000, along with the final results of research undertaken in the areas of curricula and competence models.
650 ## - SUBJECT ADDED ENTRY--TOPICAL TERM
Topical term or geographic name entry element PROFESSIONAL COMPETENCE
650 ## - SUBJECT ADDED ENTRY--TOPICAL TERM
Topical term or geographic name entry element SURVEYORS
650 ## - SUBJECT ADDED ENTRY--TOPICAL TERM
Topical term or geographic name entry element EUROPE
650 ## - SUBJECT ADDED ENTRY--TOPICAL TERM
Topical term or geographic name entry element PROFESSIONAL EDUCATION
690 ## - LOCAL SUBJECT ADDED ENTRY--TOPICAL TERM (OCLC, RLIN)
Topical term or geographic name as entry element MANAGEMENT-BUSINESS MANAGEMENT-PROFESSIONAL PRACTICE
700 ## - ADDED ENTRY--PERSONAL NAME
Personal name Enemark, S.
International Standard Serial Number Editor
700 ## - ADDED ENTRY--PERSONAL NAME
Personal name Prendergast, P.
International Standard Serial Number Editor
942 ## - ADDED ENTRY ELEMENTS (KOHA)
Suppress in OPAC 0
Holdings
Withdrawn status Lost status Source of classification or shelving scheme Damaged status Not for loan Home library Current library Shelving location Date acquired Total Checkouts Full call number Barcode Date last seen Date last checked out Copy number Price effective from Koha item type
    Dewey Decimal Classification     London London Basement 17/10/2002 11 BASEMENT 30066598 06/08/2019 10/07/2007 1 06/08/2019 Book